00675nam a2200193Ia 4500952014900000999001700149003000400166005001700170008004100187020001800228040000900246082001800255100002900273245005900302260005700361300000900418650001200427942004200439 00102ddc40708HISTORYaMESbMEScHISd2019-02-20g280.00l10m7o954.83 GOP/Kp39269r2026-03-26 14:57:49s2026-03-12w2019-02-20yBKzGL34R1 c35054d35054OSt20200212144749.0190216s9999||||xx |||||||||||||| ||und|| a9788176382700 coclc a954.83bGOP/K aGopalakishnan, P K91943 0aKeralathinte Samskarika Charitram /cP K Gopalakishnan bKerala Bhasha Institute,c2012.aThiruvananthapuram: a587p xHistory cBK2ddch954.83iGOP/Kk954.83mGOP/K